Nobleza de amor (Record no. 156181)

MARC details
000 -LEADER
campo de control de longitud fija 00817nam a22001815i 4500
001 - NÚMERO DE CONTROL
campo de control 156181
003 - IDENTIFICADOR DE NÚMERO DE CONTROL
campo de control ES-MaACL
005 - FECHA Y HORA DE LA ÚLTIMA TRANSACCIÓN
campo de control 20230906210335.0
008 - DATOS DE LONGITUD FIJA--INFORMACIÓN GENERAL
campo de control de longitud fija 020221s1875 sp |||| | spa d
040 ## - FUENTE DE CATALOGACIÓN
Centro catalogador/agencia de origen CAM
Lengua de catalogación spa
Centro/agencia transcriptor CAM
100 1# - ENTRADA PRINCIPAL--NOMBRE DE PERSONA
Nombre de persona Jackson Veyán, José.
9 (RLIN) 65824
245 10 - MENCIÓN DEL TÍTULO
Título Nobleza de amor
Resto del título : drama en un acto y en verso /
Mención de responsabilidad, etc. original de José Jackson Veyan.
260 ## - PUBLICACIÓN, DISTRIBUCIÓN, ETC.
Lugar de publicación, distribución, etc. Madrid :
Nombre del editor, distribuidor, etc. [s.n.],
Fecha de publicación, distribución, etc. 1875 (
Fabricante imprenta de José Rodriguez)
300 ## - DESCRIPCIÓN FÍSICA
Extensión 32 p. ;
Dimensiones 20 cm.
500 #1 - NOTA GENERAL
Nota general Representado por primera vez en el Teatro de Eslava el 14 de mayo de 1875.
596 #1 - NOTA AL PIE DE IMPRENTA
NOTA AL PIE DE IMPRENTA En verso de port. consta: Esta obra es propiedad de Alonso Gullon ...; ... de la Galería Lírico-Dramática, titulada El Teatro ...
852 ## - LOCALIZACIÓN
Ubicación ES-MaACL
Número de control de estantería F-4091(8)
Nota libre -- Enc. hol.
condición física -- Falto de la cub. original
Nota libre -- Enc. en un vol. facticio
Holdings
Estatus retirado Estado de pérdida Estado de daño No para préstamo Colección Biblioteca de origen Biblioteca actual Ubicación en estantería Fecha de adquisición Fuente de adquisición Total de préstamos Signatura topográfica completa Código de barras Visto por última vez Precio de reemplazo Tipo de ítem Koha
        Libros del s. XIX Biblioteca del Ateneo de Madrid Biblioteca del Ateneo de Madrid Depósito 2 17/01/2008     F-4091(8) 1163393 23/02/2023 23/02/2023 Libro impreso antiguo